000 00594nam a2200193Ia 4500
001 12383
003 GE_BSU
008 181216s||||||||xx |||||||||||||| ||und||
040 _cGE_BSU
080 _a579.2(076.1)+63
245 _aПрактические задачи генетики в сельском хозяйстве
245 _cРед.Н.П.Мокеева
260 _aМосква
260 _bНаука
260 _c1971
300 _a377стр.22см.
653 _aПрактические задачи генетики в сельском хозяйстве
942 _cBK
999 _c45557
_d45557